Umut pas tutmaz / (Record no. 13608)

MARC details
000 -BAŞLIK
Sabit Uzunlukta Kontrol Alanı 00551nam a22002057a 4500
999 ## - SİSTEM KONTROL NUMARALARI (KOHA)
Koha Biblionumber 13608
Koha Biblioitemnumber 13608
003 - KONTROL NUMARASI IDENTIFIER
Denetim Alanı MIRAKIL
005 - SON İŞLEM TARİHİ VE ZAMANI
Denetim Alanı 20191114124650.0
008 - SABİT-BOY VERİ ELEMANLARI - GENEL BİLGİLER
Sabit Uzunlukta Kontrol Alanı 191114b tu ||||| |||| 00| 0 tur d
020 ## - ULUSLARARASI STANDART KİTAP NUMARASI
Uluslararası Standart Kitap Numarası 9786056675607
040 ## - KATALOGLAMA KAYNAK
Orijinal Kataloglama Ajansı TR-AnCHP
Metne Dönüştürmek Ajansı TR-AnCHP
041 ## - DİL KODU
Metin / Ses Parça Veya Ayrı Başlığın Dil Kodu tur
082 ## - DEWEY ONLU SINIFLANDIRMA NUMARASI
Sınıflandırma Numarası 811.42
Ürün Numarası P45p 2017
100 ## - ANA GİRİŞ - KİŞİSEL İSİM
Kişisel Ad Pınar, Babür
245 10 - BAŞLIK TABLOSU
Başlık Umut pas tutmaz /
Sorumluluk Tablosu, Vb Babür Pınar.
250 ## - EDITION TABLOSU
Baskı Beyanı 3 bs.
260 ## - YAYIN, DAĞITIM, VB
Yayın, Dağıtım, Vb Yeri Ankara:
Yayıncı, Dağıtıcı, Vs Adı Nitelik Kitap,
Yayın, Dağıtım, Vb Tarihi 2017.
Üretici Firma Öztepe matbaası.
300 ## - FİZİKSEL TANIM
Kapsam 111 s.:
Boyutlar 21 sm.
650 #0 - KONU KATMA GİRİŞ - TOPİKAL DÖNEM
9 (RLIN) 19
Topikal Süreli Veya Coğrafi Ad Giriş Elemanı Türk edebiyatı
Genel Alt Bölümü Şiirler
942 ## - EKLENDİ GİRİŞ ELEMANLARI (KOHA)
Sınıflandırma Veya Raf Düzeni Kaynak Dewey Decimal Classification
Koha Öğesi Türü Books
Holdings
Kalıcı Konum Mevcut Konum Edinme Tarihi Toplam Check-Out'Lar Tam Çağrı Numarası Barkod Tarih Son Görülme İtibaren Geçerli Fiyatlar Koha Öğesi Türü
CHP Kütüphanesi CHP Kütüphanesi 11/14/2019   811.42 P45p 2017 011871 11/14/2019 11/14/2019 Books